000 01368nam0a2200373 4500
001 RU\NLR\BIBL_A\012404544
005 20220620125113.0
010 _a978-5-04-109744-8
_92000
021 _aRU
_bКН-П-20-043616
_9КН-П-20-3325
035 _a(NLR Aleph) 012404544
035 _a(RuMoRGB)010390287
090 _a11742413
_c11742413
100 _a20201116d2020 d y0rusy50 ca
101 1 _arus
_ceng
102 _aRU
105 _a z |000z
181 0 _ai
_baxxe
182 0 _an
200 1 _aСпасите котика! Все, что нужно знать о сценарии
_fБлейк Снайдер
_g[перевод с английского А. Мороз]
203 _aТекст
_bвизуальный
_cнепосредственный
210 _aМосква
_cЭксмо
_cБомбора
_d2020
215 _a221 с.
_cил.
_d22
225 1 _aМастер сцены
333 _a12+
500 1 0 _aСпасите котика!
_3RU\NLR\AUTH\5508341
606 1 _aКиносценарий
_jРуководства, пособия и т.п
_2nlr_sh2
_3RU\NLR\AUTH\661537018
686 1 _aШ401.469.1
686 1 _aЩ374.070я7
700 1 _aСнайдер
_bБ.
_f1957-2009
_gБлейк
942 _cBOOK
980 _aNBR
980 _aNB